[Event "2015 Standard Chess Dropout Tournament, Round 2"]
[Site "SchemingMind.com"]
[Date "2015.03.11"]
[Round "2"]
[White "screichert"]
[Black "Archon"]
[Result "0-1"]
[WhiteCountry "USA"]
[BlackCountry "CAN"]
[WhiteElo "1576"]
[WhiteRD "81"]
[BlackElo "1766"]
[BlackRD "80"]
[GameID "376636"]

1. e4 g6 2. d4 Bg7 3. Nf3 d6 4. Bc4 e6 5. Nc3 Ne7 6. O-O Nd7 7. Re1 O-O 8. Ng5 Nf6 9. e5 Nfd5 10. a3 Nxc3
11. bxc3 dxe5 12. dxe5 Qxd1 13. Rxd1 Bxe5 14. Rd3 b6 15. Nf3 Bg7 16. Bg5 Nf5 17. Bf4 c5 18. g4 Ne7 19. Bd6 Re8 20. Bb5 Bb7
21. Re1 Bc6 22. c4 Bxb5 23. cxb5 Rad8 24. g5 Nf5 25. Be5 Rxd3 26. cxd3 Rd8 27. Rd1 c4 28. d4 Bxe5 29. Nxe5 Rxd4 30. Rc1 Nd6
31. a4 c3 32. Rxc3 Rxa4 33. Rc7 Ra5 34. Rd7 Rxb5 35. Rd8+ Kg7 36. Nc6 Ne4 37. Nxa7 Rxg5+ 38. Kf1 Rf5 39. Ke2 Nxf2 40. Nc6 Ng4
41. Ke1 Ne5 42. Ne7 Rh5 43. Rg8+ Kf6 44. Nc8 Rxh2 45. Nxb6 h5 46. Re8 h4 47. Rd8 h3 48. Rh8 Kg7 49. Rc8 Nf3+ 50. Kf1 Rd2
51. Nc4 h2 52. Nxd2 h1=Q+ 53. Ke2 Qg2+ 54. Ke3 Nxd2 55. Rc2 Nf1+ 56. Kd3 Qf3+ 57. Kd4 Qd5+ 58. Kc3 Ne3 59. Re2 Qc4+ 60. Kd2 Nd5
61. Ke1 f5 62. Kd1 Nc3+ 63. Kd2 Nxe2 64. Ke1 Nf4 65. Kf2 Qe2+ 66. Kg3 e5 67. Kh4 Qg4#
0-1

[Event "2015 Standard Chess Dropout Tournament, Round 2"]
[Site "SchemingMind.com"]
[Date "2015.03.13"]
[Round "2"]
[White "simon_w"]
[Black "Abstract Actuary"]
[Result "1-0"]
[WhiteCountry "IRL"]
[BlackCountry "USA"]
[WhiteElo "1881"]
[WhiteRD "92"]
[BlackElo "1891"]
[BlackRD "71"]
[GameID "376638"]

1. e4 e5 2. Nf3 Nf6 3. d4 exd4 4. e5 Ne4 5. Qe2 Nc5 6. Nxd4 Nc6 7. Nxc6 dxc6 8. Be3 Bf5 9. g4 Bg6 10. f4 h6
11. f5 Bh7 12. Nd2 Qd7 13. O-O-O O-O-O 14. Bg2 Qe7 15. Bxc5 Qxc5 16. Nb3 Rxd1+ 17. Rxd1 Qb6 18. Qd2 Bb4 19. Qd7+ Kb8 20. Qd8+ Rxd8
21. Rxd8#
1-0

[Event "2015 Standard Chess Dropout Tournament, Round 2"]
[Site "SchemingMind.com"]
[Date "2015.03.14"]
[Round "2"]
[White "Stephen Woodhouse"]
[Black "white bishop"]
[Result "0-1"]
[WhiteCountry "ENG"]
[BlackCountry "PHI"]
[WhiteElo "1859"]
[WhiteRD "49"]
[BlackElo "2102"]
[BlackRD "96"]
[GameID "376639"]

1. e4 e5 2. Nf3 Nc6 3. d4 exd4 4. Nxd4 Bb4+ 5. c3 Bc5 6. Be3 Bb6 7. Nf5 Bxe3 8. Nxe3 d6 9. c4 Nge7 10. Nc3 O-O
11. Be2 f5 12. O-O f4 13. Ned5 Ne5 14. Nxe7+ Qxe7 15. Qd2 Be6 16. Nd5 Qd8 17. b3 f3 18. Bxf3 Rxf3
0-1

[Event "2015 Standard Chess Dropout Tournament, Round 2"]
[Site "SchemingMind.com"]
[Date "2015.03.16"]
[Round "2"]
[White "thebirdolux"]
[Black "xarxziux"]
[Result "1-0"]
[WhiteCountry "USA"]
[BlackCountry "IRL"]
[WhiteElo "2457"]
[WhiteRD "102"]
[BlackElo "1993"]
[BlackRD "75"]
[GameID "376640"]

1. d4 d6 2. e4 Nf6 3. Nc3 e5 4. Nf3 Nbd7 5. Bc4 Be7 6. O-O O-O 7. Re1 c6 8. a4 a5 9. h3 Nb6 10. Bb3 Nfd7
11. Be3 exd4 12. Nxd4 Nc5 13. Qe2 Nxb3 14. Nxb3 Re8 15. Rad1 Bf8 16. Qd3 Be6 17. Nd4 d5 18. exd5 Bxd5 19. Nf3 Qc7 20. Ng5 g6
21. Qd4 Nc4 22. Qh4 h6 23. Nge4 Nxe3 24. Nf6+ Kh8 25. Nxe8 Rxe8 26. Rxe3 Rxe3 27. fxe3 Be6 28. Qd4+ Kg8 29. Ne4 Be7 30. Nf6+ Kf8
31. Nd5
1-0

[Event "2015 Standard Chess Dropout Tournament, Round 2"]
[Site "SchemingMind.com"]
[Date "2015.03.13"]
[Round "2"]
[White "Timaeus"]
[Black "Fjoskrakk"]
[Result "0-1"]
[WhiteCountry "JPN"]
[BlackCountry "NOR"]
[WhiteElo "1390"]
[WhiteRD "91"]
[BlackElo "2004"]
[BlackRD "110"]
[GameID "376641"]

1. e4 e5 2. c4 Nf6 3. d3 Bc5 4. Nf3 Ng4 5. h3 Nxf2 6. Qe2 Nxh1 7. Nxe5 Qh4+ 8. Kd2 Qg5+ 9. Kc2 Qxe5 10. a3 Nc6
11. Be3 Nd4+ 12. Bxd4 Bxd4 13. Nc3 Bxc3 14. Rc1 Bd4 15. Qd2 Ng3 16. Kb1 O-O 17. h4 d6 18. Be2 Nxe2 19. Qxe2 Be6 20. Rc2 Rfb8
21. g4 b5 22. g5 bxc4 23. dxc4 Rxb2+ 24. Rxb2 Bxb2 25. Qxb2 Qxb2+ 26. Kxb2 Bxc4 27. Kc3 Bf1
0-1

[Event "2015 Standard Chess Dropout Tournament, Round 2"]
[Site "SchemingMind.com"]
[Date "2015.03.16"]
[Round "2"]
[White "wilfried"]
[Black "Dan Geana"]
[Result "1/2-1/2"]
[WhiteCountry "GER"]
[BlackCountry "ROU"]
[WhiteElo "2472"]
[WhiteRD "101"]
[BlackElo "2514"]
[BlackRD "109"]
[GameID "376642"]

1. d4 Nf6 2. c4 e6 3. Nf3 d5 4. Nc3 c6 5. Bg5 h6 6. Bh4 dxc4 7. e4 g5 8. Bg3 b5 9. Ne5 Nbd7 10. Nxc6 Qb6
11. d5 Bb7 12. a4 a6 13. Be2 Bxc6 14. dxc6 Qxc6 15. e5 Nd5 16. Nxd5 Qxd5 17. Qxd5 exd5 18. axb5 Bb4+ 19. Kd1 Nc5 20. Kc2 Ke7
21. bxa6 Nb3 22. f4 Nd4+ 23. Kd1 Rhb8 24. fxg5 Rb6 25. gxh6 Rbxa6 26. Rxa6=
1/2-1/2

[Event "2015 Standard Chess Dropout Tournament, Round 2"]
[Site "SchemingMind.com"]
[Date "2015.03.16"]
[Round "2"]
[White "Wojciech  Langer"]
[Black "fouche"]
[Result "0-1"]
[WhiteCountry "INT"]
[BlackCountry "COL"]
[WhiteElo "1662"]
[WhiteRD "99"]
[BlackElo "1596"]
[BlackRD "62"]
[GameID "376644"]

1. Nf3 e6 2. d4 d5 3. c4 Nf6 4. Nc3 Bb4 5. Qc2 c6 6. a3 Ba5 7. b4 Bc7 8. e3 O-O 9. Be2 Nbd7 10. c5 Re8
11. Bd2 e5 12. dxe5 Nxe5 13. O-O Bg4 14. Nd4 Bxe2 15. Ncxe2 Neg4 16. Nf3 h6 17. h3 Ne5 18. Nxe5 Bxe5 19. Rad1 Ne4 20. f4 Bf6
21. Bc3 Qc7 22. Bxf6 Nxf6 23. Rf3 Ne4 24. Ng3 Re7 25. Qd3 Nxg3 26. Rxg3 Rae8 27. Re1 Re4 28. Rf3 b6 29. cxb6 axb6 30. b5 Qd6
31. bxc6 Qxc6 32. Rd1 Qc5 33. Qxd5 Qxa3 34. Qd3 Qc5 35. Kf2 b5 36. Qb3 b4 37. Rd4 Rxd4 38. exd4 Qxd4+ 39. Kg3 Re4 40. Rd3 Qf6
41. Rf3 Qg6+ 42. Kf2 Qb6+ 43. Kg3 h5 44. Qd5 Rd4 45. Qb3 Qd6 46. Qe3 Qg6+ 47. Kf2 Qc2+ 48. Kg3 Rd2 49. Qe8+ Kh7 50. Qxf7 Rxg2+
51. Kh4 Qg6 52. Qxg6+ Rxg6 53. Rb3 Rb6 54. Kxh5 g6+ 55. Kh4 Rb5 56. Kg4 Kg7 57. Kf3 Kf6 58. Kg4 Ke6 59. Kf3 Kd5 60. Rd3+ Kc4
61. Ke3 b3 62. Rd4+ Kc3
0-1

[Event "2015 Standard Chess Dropout Tournament, Round 2"]
[Site "SchemingMind.com"]
[Date "2015.03.12"]
[Round "2"]
[White "xarxziux"]
[Black "emvarela"]
[Result "1-0"]
[WhiteCountry "IRL"]
[BlackCountry "ARG"]
[WhiteElo "1993"]
[WhiteRD "75"]
[BlackElo "1695"]
[BlackRD "49"]
[GameID "376645"]

1. Nf3 Nf6 2. d4 d5 3. c4 e6 4. g3 Bb4+ 5. Bd2 Bxd2+ 6. Nbxd2 O-O 7. Bg2 c6 8. O-O Nbd7 9. Qc2 dxc4 10. Nxc4 Nb6
11. Nce5 Bd7 12. a4 a5 13. g4 h6 14. g5 Nh7 15. Nxf7 Rxf7 16. g6 Rf5 17. gxh7+ Kh8 18. Ne5 Qg5 19. f4 Qd8 20. Bh3 Rxe5
21. fxe5 Qg5+ 22. Kh1 Nd5 23. Rg1 Qe3 24. Qg6
1-0

[Event "2015 Standard Chess Dropout Tournament, Round 2"]
[Site "SchemingMind.com"]
[Date "2015.03.16"]
[Round "2"]
[White "saxon"]
[Black "Pancserka"]
[Result "1-0"]
[WhiteCountry "GER"]
[BlackCountry "HUN"]
[WhiteElo "2524"]
[WhiteRD "107"]
[BlackElo "2045"]
[BlackRD "113"]
[GameID "376646"]

1. e4 c5 2. Nf3 d6 3. d4 cxd4 4. Nxd4 Nf6 5. Nc3 a6 6. h3 e5 7. Nde2 Nc6 8. g4 Be7 9. Be3 O-O 10. g5 Nd7
11. Qd2 Nb6 12. b3 a5 13. a4 Be6 14. O-O-O Rc8 15. f4
1-0

[Event "2015 Standard Chess Dropout Tournament, Round 2"]
[Site "SchemingMind.com"]
[Date "2015.03.16"]
[Round "2"]
[White "white bishop"]
[Black "thebirdolux"]
[Result "0-1"]
[WhiteCountry "PHI"]
[BlackCountry "USA"]
[WhiteElo "2138"]
[WhiteRD "98"]
[BlackElo "2459"]
[BlackRD "99"]
[GameID "376647"]

1. d4 Nf6 2. c4 e6 3. Nf3 b6 4. g3 Ba6 5. b3 Bb4+ 6. Bd2 Be7 7. Nc3 d5 8. cxd5 exd5 9. Bg2 Bb7 10. O-O O-O
11. Bf4 c6 12. Ne5 Nbd7 13. Qc2 Nxe5 14. dxe5 Nd7 15. Rad1 g5 16. Qf5 gxf4 17. Nxd5 cxd5 18. Bxd5 Bxd5 19. Rxd5 Qc8 20. Rxd7 Rd8
21. Qg4+ Kh8 22. Rxd8+ Qxd8 23. Qxf4 Qd5 24. Rc1 Qe6 25. Rc7 a5 26. Kg2 Kg8 27. g4= Rc8 28. Rxc8+ Qxc8 29. e3 b5 30. Qf5 Qc6+
31. Qf3 Qe6 32. Qf5 Qd5+ 33. e4 Qc6 34. h3 Bh4 35. g5 Qc1 36. Kf3 Qxg5 37. Qg4 Kf8 38. Qf5 h6 39. Qc8+ Kg7 40. Qf5 Qg1
41. Ke3 Qe1+ 42. Kd4 Qd2+ 43. Kc5 Qxa2 44. Qg4+ Bg5 45. f4 Qf2+ 46. Kxb5 Qxf4 47. Qxf4 Bxf4 48. Kxa5 Bxe5 49. Kb5 f5 50. exf5 Kf6
0-1

[Event "2015 Standard Chess Dropout Tournament, Round 3"]
[Site "SchemingMind.com"]
[Date "2015.07.12"]
[Round "3"]
[White "gabeeg"]
[Black "Jari Laine"]
[Result "1/2-1/2"]
[WhiteCountry "USA"]
[BlackCountry "FIN"]
[WhiteElo "2219"]
[WhiteRD "87"]
[BlackElo "2301"]
[BlackRD "78"]
[GameID "383125"]

1. Nf3 d5 2. d4 Bf5 3. c4 e6 4. Nc3 c6 5. Qb3 Qc7 6. Bf4 dxc4 7. Bxc7 cxb3 8. e4 Bg6 9. axb3 Bb4 10. Nd2 Nf6
11. f3 O-O 12. Nc4 Na6 13. Be5 Rfd8 14. Na5 Bxa5 15. Rxa5 Nb4 16. Kd2 Ne8 17. Na2 Nxa2 18. Rxa2 f6 19. Bf4 Rxd4+ 20. Kc3 Rd7
21. Bc4 Bf7 22. Be3 a6 23. Bb6 Rc8 24. b4 e5 25. b3 Nc7 26. Rb1 h5 27. Rba1 Na8 28. Be3 Nc7 29. Rd2 Rcd8 30. Rxd7 Rxd7
31. h4 Nb5+ 32. Bxb5 cxb5 33. Bc5 Kh8 34. Rc1 Rd8 35. Re1= Be6 36. Kc2 Kg8 37. Bb6 Rd6 38. Bc5 Rc6 39. Kb2 b6 40. Bf2 Rd6
41. Kc2 Kf8=
1/2-1/2

[Event "2015 Standard Chess Dropout Tournament, Round 3"]
[Site "SchemingMind.com"]
[Date "2015.07.13"]
[Round "3"]
[White "Selwyn"]
[Black "kibic"]
[Result "1-0"]
[WhiteCountry "AUS"]
[BlackCountry "INT"]
[WhiteElo "2574"]
[WhiteRD "86"]
[BlackElo "2419"]
[BlackRD "91"]
[GameID "383131"]

1. d4 Nf6 2. c4 d6 3. Nc3 g6 4. e4 Bg7 5. Nf3 O-O 6. Be2 e5 7. O-O Nc6 8. d5 Ne7 9. Ne1 Ne8 10. Nd3 f5
11. f3 f4 12. Bd2 g5 13. Rc1 c5 14. Rb1 Nf6 15. b4 b6 16. Nf2 cxb4 17. Rxb4 Ng6 18. a4 h5 19. a5 Nd7 20. Na4 Rf7
21. axb6 axb6 22. Qc2 Ra6 23. Rfb1 Nh4 24. Qd1 Rf6 25. Be1 Rg6 26. h3 Qc7 27. c5 dxc5 28. Bxa6 Bxa6 29. R4b2 b5 30. Rxb5 Bxb5
31. Rxb5 c4 32. Nb2 Kh7 33. Qe2 c3 34. Nbd3 c2 35. Nc1 g4 36. hxg4 Nf6 37. Rb3 Qd7 38. Nfd3 Nxf3+ 39. Qxf3 hxg4 40. Qe2 Rh6
41. Nxe5 Qa7+ 42. Bf2 Qa1 43. Nd3 g3 44. Bc5 Nd7 45. Qg4 Nxc5 46. Qf5+ Rg6 47. Rb6 Qd4+ 48. Kf1 Qxe4 49. Qxg6+ Qxg6 50. Rxg6 Kxg6
51. Nxc5 Bf8 52. Ne6 Bd6 53. Ke2 Kf6 54. Nd4 Ba3 55. Kd2 Ke5 56. Nf3+
1-0

[Event "2015 Standard Chess Dropout Tournament, Round 3"]
[Site "SchemingMind.com"]
[Date "2015.07.11"]
[Round "3"]
[White "Glenn O'Brien"]
[Black "gabeeg"]
[Result "0-1"]
[WhiteCountry "AUS"]
[BlackCountry "USA"]
[WhiteElo "2013"]
[WhiteRD "68"]
[BlackElo "2223"]
[BlackRD "85"]
[GameID "383133"]

1. e4 d6 2. d4 Nf6 3. Nc3 g6 4. f4 Bg7 5. Nf3 c5 6. Bb5+ Bd7 7. e5 Ng4 8. e6 Bxb5 9. exf7+ Kd7 10. Nxb5 Qa5+
11. Nc3 cxd4 12. Nxd4 h5 13. h3 Nc6 14. Ne2 Nh6 15. Be3 Raf8 16. O-O Rxf7 17. a3 Nf5 18. Bf2 Qa6 19. g4 hxg4 20. hxg4 Nh6
21. g5 Ng4 22. Qd3 Qxd3 23. cxd3 Bxc3 24. bxc3 Rh2 25. Rab1 b6 26. Rbe1 Rfh7 27. Ng3 Nd8 28. Re4 Ne6 29. Ra4 a5 30. Bxb6 R7h3
31. Bf2 Nc5 32. Rd4 Nb3 33. Be1 Nxd4 34. cxd4 d5 35. f5 Rb2 36. fxg6 Ne3 37. Bf2 Nxf1 38. Kxf1 Rh2 39. Be1 Ke8 40. g7 Kf7
41. Kg1 Kxg7 42. Nf5+ Kf7 43. Nh4 a4 44. Nf3 Rhg2+ 45. Kf1 Ra2 46. Ne5+ Kg7 47. Nc6 e6 48. Nd8 Rh2 49. Kg1 Rhe2 50. Kf1 Kg6
51. Nc6 Kxg5 52. Nb4 Rab2 53. Bc3 Rf2+ 54. Ke1 Rbe2+ 55. Kd1 Kf4
0-1

[Event "2015 Standard Chess Dropout Tournament, Round 3"]
[Site "SchemingMind.com"]
[Date "2015.07.13"]
[Round "3"]
[White "Brian Pott"]
[Black "saxon"]
[Result "0-1"]
[WhiteCountry "AUS"]
[BlackCountry "GER"]
[WhiteElo "2323"]
[WhiteRD "81"]
[BlackElo "2546"]
[BlackRD "104"]
[GameID "383135"]

1. e4 c5 2. Nf3 d6 3. d4 cxd4 4. Nxd4 Nf6 5. Nc3 a6 6. Bg5 e6 7. f4 Qb6 8. Nb3 Be7 9. Be2 Nbd7 10. Qd2 Qc7
11. Bf3 h6 12. Bxf6 Nxf6 13. O-O-O Bd7 14. Kb1 O-O-O 15. Rhe1 Kb8 16. Re3 g5 17. g3 Be8 18. a3 Nd7 19. Be2 Nc5 20. Nd4 Bf6
21. f5 Qb6 22. Bh5 Rc8 23. fxe6 fxe6 24. Bxe8 Rhxe8 25. Rf3 Rf8 26. h3 Be5 27. Rxf8 Rxf8 28. Qe1 Qc7 29. Qe3 Qf7 30. b4 Nd7
31. Nce2 Qf2 32. Qb3 Nb6 33. Qxe6 Qe3 34. Qb3 Qxe4 35. b5 a5 36. g4 a4 37. Qd3 Qxd3 38. Rxd3 Rf1+ 39. Ka2 Rf2 40. Rf3 Rh2
41. Rc3 d5 42. Rf3 Ka7 43. Rd3 Nc4 44. Kb1 Rh1+ 45. Ka2 Kb6 46. Rc3 Nd6 47. Re3 Ne4
0-1

[Event "2015 Standard Chess Dropout Tournament, Round 3"]
[Site "SchemingMind.com"]
[Date "2015.07.13"]
[Round "3"]
[White "saxon"]
[Black "chesshub"]
[Result "1/2-1/2"]
[WhiteCountry "GER"]
[BlackCountry "FRA"]
[WhiteElo "2535"]
[WhiteRD "102"]
[BlackElo "2539"]
[BlackRD "78"]
[GameID "383136"]

1. d4 Nf6 2. c4 g6 3. f3 Bg7 4. e4 d6 5. Be3 O-O 6. Nc3 c5 7. Nge2 Qa5 8. Nc1 cxd4 9. Nb3 Qh5 10. Nxd4 Nc6
11. Qd2 Nxd4 12. Bxd4 Be6 13. Be2 Rfc8 14. b3 Qa5 15. Rb1 a6 16. O-O Nd7 17. Kh1 Bxd4 18. Qxd4 Nf6 19. f4 Qc5 20. Qd2 b5
21. f5 gxf5 22. exf5 Bxf5 23. Rbc1 Bg6 24. cxb5 axb5 25. Bf3 Rab8 26. Nd5 Qa7 27. Nxf6+ exf6 28. h4 Rxc1 29. Rxc1 Re8 30. h5 Bf5
31. h6 Qe3 32. Qxe3 Rxe3 33. Rc7 Kf8 34. Rb7 Re5 35. Bc6 d5 36. Bxb5 d4 37. a4 Bc2 38. Rd7 Bxb3 39. Rxd4 Ke7= 40. Kg1 Rh5
41. Rd7+ Ke6 42. Rd3 Bc2 43. Rd8 Be4 44. Re8+ Kd5 45. Be2 Rg5 46. Bf1 Kd4 47. Re7 Rh5 48. Rxf7 Rxh6 49. a5 Rh5 50. a6 Rf5
51. Rd7+ Rd5 52. Rxd5+ Bxd5 53. Kh2 Kc5=
1/2-1/2

[Event "2015 Standard Chess Dropout Tournament, Round 3"]
[Site "SchemingMind.com"]
[Date "2015.07.17"]
[Round "3"]
[White "michel"]
[Black "Dan Geana"]
[Result "1/2-1/2"]
[WhiteCountry "CAN"]
[BlackCountry "ROU"]
[WhiteElo "2371"]
[WhiteRD "66"]
[BlackElo "2492"]
[BlackRD "111"]
[GameID "383433"]

1. e4 e5 2. Nf3 Nc6 3. d4 exd4 4. Nxd4 Bc5 5. Nxc6 Qf6 6. Qf3 bxc6 7. Nd2 d6 8. Nb3 Bb6 9. a4 a5 10. Bd2 Qxf3
11. gxf3 Ne7 12. Be3 Bxe3 13. fxe3 O-O 14. O-O-O Ng6 15. Rg1 Nh4 16. Rg3 Bd7 17. f4 f6 18. Bh3 Bxh3 19. Rxh3 Ng6 20. Rg3 Rf7
21. c3 Re7 22. Rdg1 Nf8 23. Kc2 g6 24. Nd2=
1/2-1/2

[Event "2015 Standard Chess Dropout Tournament, Round 3"]
[Site "SchemingMind.com"]
[Date "2015.07.17"]
[Round "3"]
[White "Dan Geana"]
[Black "Brian_Jones"]
[Result "1/2-1/2"]
[WhiteCountry "ROU"]
[BlackCountry "AUS"]
[WhiteElo "2514"]
[WhiteRD "105"]
[BlackElo "2382"]
[BlackRD "128"]
[GameID "383434"]

1. e4 c5 2. Nf3 Nc6 3. d4 cxd4 4. Nxd4 Nf6 5. Nc3 e5 6. Ndb5 d6 7. Bg5 a6 8. Na3 b5 9. Nd5 Be7 10. Bxf6 Bxf6
11. c3 O-O 12. Nc2 Bg5 13. a4 bxa4 14. Rxa4 a5 15. Bc4 Rb8 16. b3 Kh8 17. Nce3 Bxe3= 18. Nxe3 Ne7 19. O-O f5 20. exf5 Nxf5
21. Nxf5 Rxf5 22. Qd5 Rg5 23. g3 e4 24. Qd4 d5 25. b4 axb4 26. Rxb4 Rxb4 27. cxb4 Bb7 28. Ra1 Qc8 29. Ra5 Rf5 30. Rc5 Qd7
31. b5 Qd6 32. b6 h6 33. Rc7 Qf6 34. Qxf6 Rxf6 35. Rxb7 dxc4 36. Kf1 Kh7 37. Ke2 c3 38. Ke3 Rc6 39. Rc7 Rxb6 40. Rxc3 g5
41. Kxe4 Kg6 42. h3 h5=
1/2-1/2

[Event "2015 Standard Chess Dropout Tournament, Round 3"]
[Site "SchemingMind.com"]
[Date "2015.07.20"]
[Round "3"]
[White "Brian_Jones"]
[Black "Helga1946"]
[Result "1/2-1/2"]
[WhiteCountry "AUS"]
[BlackCountry "GER"]
[WhiteElo "2381"]
[WhiteRD "120"]
[BlackElo "2236"]
[BlackRD "71"]
[GameID "383435"]

1. d4 Nf6 2. Nf3 e6 3. c4 d5 4. Nc3 Bb4 5. Bg5 Nc6 6. e3 h6 7. Bxf6 Qxf6 8. Rc1 O-O 9. a3 Bxc3+ 10. Rxc3 Rd8
11. cxd5 exd5 12. Be2 Bf5 13. O-O a6 14. Qb3 Rab8 15. Rfc1 Qe6 16. Rc5 Qd6 17. Nd2 g6 18. Bf3 Be6 19. h3 Qe7 20. Nf1 Qd6
21. Ng3 Kh8 22. h4 f5 23. Ne2 g5 24. g3 Kh7 25. Bg2 Kg7 26. hxg5 hxg5 27. Kf1 Bf7 28. Qc2 Be6 29. Qd2 Kh6 30. b4 Rbc8
31. Ng1 Qe7 32. Nh3 Rd7 33. f4 g4 34. Ng5 Kg6 35. Kf2 Rh8 36. Qa2 Bg8 37. Qc2 Qd6 38. Qd3 Nd8 39. a4 Qe7 40. b5 axb5
41. axb5 Nf7=
1/2-1/2

[Event "2015 Standard Chess Dropout Tournament, Round 3"]
[Site "SchemingMind.com"]
[Date "2015.07.20"]
[Round "3"]
[White "Helga1946"]
[Black "wilfried"]
[Result "0-1"]
[WhiteCountry "GER"]
[BlackCountry "GER"]
[WhiteElo "2276"]
[WhiteRD "72"]
[BlackElo "2518"]
[BlackRD "108"]
[GameID "383436"]

1. d4 d5 2. Nc3 c5 3. e4 dxe4 4. Bb5+ Bd7 5. dxc5 Nf6 6. Be3 e6 7. Qe2 a6 8. Bc4 Qc7 9. O-O-O Bxc5 10. Bg5 Be7
11. Nh3 Bc6 12. Bxf6 gxf6 13. Qg4 Nd7 14. Qg7 Rf8 15. Qxh7 f5 16. Kb1 Nf6 17. Qh6 Ng4 18. Qd2 Rh8 19. Bb3 Bc5 20. Na4 Bxa4
21. Bxa4+ b5 22. Bb3 Rxh3 23. gxh3 Nxf2 24. Qg5 Qe5 25. c3 Nxh1 26. Qg8+ Bf8 27. Qg2 f4 28. Bc2 f3 29. Qd2 Be7 30. Rxh1 e3
0-1

[Event "2015 Standard Chess Dropout Tournament, Round 3"]
[Site "SchemingMind.com"]
[Date "2015.07.20"]
[Round "3"]
[White "wilfried"]
[Black "michel"]
[Result "1-0"]
[WhiteCountry "GER"]
[BlackCountry "CAN"]
[WhiteElo "2557"]
[WhiteRD "105"]
[BlackElo "2372"]
[BlackRD "63"]
[GameID "383437"]

1. d4 Nf6 2. c4 d6 3. Nf3 h6 4. Nc3 Bf5 5. e3 Nbd7 6. Bd3 Bxd3 7. Qxd3 g6 8. O-O Bg7 9. e4 e5 10. d5 O-O
11. Rb1 a5 12. b3 Nc5 13. Qc2 Nfd7 14. g3 f5 15. Nh4 Qf6 16. exf5 gxf5 17. f3 Rf7 18. Be3 Nf8 19. Bxc5 dxc5 20. Rbe1 Ng6
21. Nxg6 Qxg6 22. Kh1 h5 23. Nd1 b6 24. Ne3 Kh7 25. Rg1 Rg8 26. g4 fxg4 27. Qxg6+ Kxg6 28. fxg4 Rgf8 29. gxh5+ Kxh5 30. Nf5 Rxf5
31. Rxg7 R8f7 32. Rxf7 Rxf7 33. Rxe5+ Kg4 34. Kg2 a4 35. Re4+ Kf5 36. Kf3 Kg5+ 37. Ke3 a3 38. h4+ Kh5 39. Re8 Kxh4 40. Ke4 Rf2
41. Ra8 Kg5 42. Rxa3 Re2+ 43. Kd3 Re7 44. Ra7 Kf6 45. a4 Ke5 46. a5
1-0

[Event "2015 Standard Chess Dropout Tournament, Round 3"]
[Site "SchemingMind.com"]
[Date "2015.07.16"]
[Round "3"]
[White "dapuka"]
[Black "Lambik"]
[Result "0-1"]
[WhiteCountry "USA"]
[BlackCountry "BEL"]
[WhiteElo "1721"]
[WhiteRD "89"]
[BlackElo "2328"]
[BlackRD "90"]
[GameID "383438"]

1. e4 e5 2. Nf3 Nc6 3. Nc3 Nf6 4. Bc4 Bc5 5. Qe2 O-O 6. O-O d6 7. a3 Bg4 8. Qd3 a5 9. a4 Nb4 10. Qe2 Nxc2
11. Rb1 Nd4 12. Qd1 Nxf3+ 13. gxf3 Bh3 14. Nd5 Nxd5 15. d3 Qf6 16. Kh1 Nf4 17. Rg1 Bxf2 18. Bxf4 Qxf4 19. Rg4 Bxg4 20. fxg4 d5
21. Bxd5 Ra6 22. h3 Rh6 23. Qf1 Qf3+ 24. Kh2 Qg3+ 25. Kh1 Rxh3+ 26. Qxh3 Qxh3#
0-1

[Event "2015 Standard Chess Dropout Tournament, Round 3"]
[Site "SchemingMind.com"]
[Date "2015.07.17"]
[Round "3"]
[White "Lambik"]
[Black "dadshane2000"]
[Result "1-0"]
[WhiteCountry "BEL"]
[BlackCountry "USA"]
[WhiteElo "2328"]
[WhiteRD "86"]
[BlackElo "1910"]
[BlackRD "92"]
[GameID "383439"]

1. e4 c5 2. Nf3 d6 3. d4 Nf6 4. Nc3 cxd4 5. Nxd4 Bd7 6. Be3 Ng4 7. Bg5 h6 8. Bc1 Nc6 9. Be2 h5 10. O-O g6
11. h3 Nf6 12. Be3 Bg7 13. Qd3 O-O 14. f4 Nh7 15. Nxc6 bxc6 16. Rab1 c5 17. a3 a6 18. Rbd1 Qc8 19. Nd5 Qd8 20. f5 e6
21. fxg6 fxg6 22. Nf4 g5 23. Nxh5 Rxf1+ 24. Kxf1 Qf8+ 25. Kg1 Bd4 26. Bxd4 cxd4 27. Qxd4 Qh6 28. Bg4 Rf8 29. Qxd6
1-0

[Event "2015 Standard Chess Dropout Tournament, Round 3"]
[Site "SchemingMind.com"]
[Date "2015.07.20"]
[Round "3"]
[White "dadshane2000"]
[Black "Mekk"]
[Result "1/2-1/2"]
[WhiteCountry "USA"]
[BlackCountry "POL"]
[WhiteElo "1910"]
[WhiteRD "92"]
[BlackElo "1846"]
[BlackRD "98"]
[GameID "383440"]

1. e4 e6 2. d4 d5 3. Nc3 Nf6 4. Bg5 Be7 5. e5 Nfd7 6. Bxe7 Qxe7 7. f4 a6 8. Nf3 c5 9. Qd2 Nc6 10. dxc5 Nxc5
11. a3 b5 12. Nd4 Bb7 13. Nxc6 Bxc6 14. b4 Ne4 15. Nxe4 dxe4 16. Qe3 O-O 17. g3 a5 18. Qc5 Qxc5 19. bxc5 b4 20. Bg2 Rab8
21. axb4 axb4 22. O-O Rfc8 23. Rfe1 h6 24. Bxe4 Bxe4 25. Rxe4 Rxc5 26. Re2 Rc3 27. Rb1 Kh7 28. Kf2=
1/2-1/2

[Event "2015 Standard Chess Dropout Tournament, Round 3"]
[Site "SchemingMind.com"]
[Date "2015.07.20"]
[Round "3"]
[White "Mekk"]
[Black "Robert Bruce"]
[Result "0-1"]
[WhiteCountry "POL"]
[BlackCountry "SCO"]
[WhiteElo "1813"]
[WhiteRD "100"]
[BlackElo "2259"]
[BlackRD "68"]
[GameID "383441"]

1. c4 e5 2. g3 Nc6 3. Bg2 Nf6 4. Nc3 Bc5 5. Nf3 d6 6. O-O O-O 7. d3 h6 8. a3 a5 9. Bd2 Bf5 10. Rc1 Re8
11. Ne1 Bg4 12. Nc2 Qc8 13. Ne3 Bh5 14. Ncd5 Nxd5 15. Nxd5 Nd4 16. b4 Nxe2+ 17. Kh1 Nxg3+ 18. fxg3 Bxd1 19. Rcxd1 axb4 20. axb4 Bd4
21. Rf3 c6 22. Nc3 Bxc3 23. Bxc3 Ra2 24. Rdf1 Rc2 25. Be1 e4 26. dxe4 Rxe4 27. Bc3 Ree2 28. Rg1 Qh3 29. Rxf7 Rxg2 30. Rxg7+ Kf8
31. Rf1+ Rcf2 32. Rxf2+ Rxf2 33. Rxb7 Qxh2#
0-1

[Event "2015 Standard Chess Dropout Tournament, Round 3"]
[Site "SchemingMind.com"]
[Date "2015.07.16"]
[Round "3"]
[White "Robert Bruce"]
[Black "edg"]
[Result "1-0"]
[WhiteCountry "SCO"]
[BlackCountry "USA"]
[WhiteElo "2259"]
[WhiteRD "68"]
[BlackElo "1646"]
[BlackRD "72"]
[GameID "383442"]

1. f4 Nf6 2. Nf3 d5 3. e3 Bg4 4. Be2 c5 5. O-O a6 6. h3 Bxf3 7. Bxf3 e6 8. c4 b5 9. cxd5 exd5 10. g4 Nc6
11. Qe2 Ne4 12. d3 Ng3 13. Qg2 Nxf1 14. Bxd5 Ne7 15. Bxa8 Nxe3 16. Bxe3 Qc7 17. Nd2 g6 18. Qb7 Qd6 19. Ne4 Qe6 20. Qb8+
1-0

[Event "2015 Standard Chess Dropout Tournament, Round 3"]
[Site "SchemingMind.com"]
[Date "2015.07.16"]
[Round "3"]
[White "John Galvin"]
[Black "Marco_M"]
[Result "0-1"]
[WhiteCountry "USA"]
[BlackCountry "ITA"]
[WhiteElo "2128"]
[WhiteRD "75"]
[BlackElo "2178"]
[BlackRD "108"]
[GameID "383444"]

1. e4 e5 2. Nf3 Nc6 3. Bc4 Bc5 4. b4 Bxb4 5. c3 Ba5 6. d4 d6 7. Qb3 Qd7 8. O-O Bb6 9. dxe5 Na5 10. Qb4 Nxc4
11. Qxc4 dxe5
0-1

[Event "2015 Standard Chess Dropout Tournament, Round 3"]
[Site "SchemingMind.com"]
[Date "2015.07.20"]
[Round "3"]
[White "Marco_M"]
[Black "Derek Price"]
[Result "0-1"]
[WhiteCountry "ITA"]
[BlackCountry "ENG"]
[WhiteElo "2134"]
[WhiteRD "109"]
[BlackElo "2331"]
[BlackRD "106"]
[GameID "383445"]

1. e4 c5 2. Nf3 d6 3. d4 cxd4 4. Nxd4 Nf6 5. Nc3 a6 6. Be2 e6 7. O-O Be7 8. Be3 O-O 9. f4 Qc7 10. a4 b6
11. Bf3 Bb7 12. g4 Nc6 13. g5 Nd7 14. Nde2 Rfe8 15. Bg2 Bf8 16. Rf3 Nb4 17. Rh3 g6 18. Rc1 Rad8 19. Qe1 f5 20. Qh4 Nc5
21. exf5 Bxg2 22. Kxg2 exf5 23. Bd4 Nxa4 24. Bf6 Rc8
0-1